| 000 | 00875nam a22002177a 4500 | ||
|---|---|---|---|
| 005 | 20240104134021.0 | ||
| 008 | 180516t sp a gr|||| 000 0 spa|| | ||
| 020 | _a8481558311 | ||
| 050 | 0 | 4 |
_aJN8221 _bR36 2002 |
| 100 | 1 | _aRamiro Sánchez, Antonio | |
| 245 | 1 | 0 |
_aDemandas de calidad de la administración pública _b : un derecho de la ciudadanía _c / Antonio Ramiro Sánchez. |
| 250 | _a1a ed. | ||
| 260 |
_aMadrid : _bDykinson, _c2002 |
||
| 300 |
_a242 p. ; _c21 cm. |
||
| 500 | _aEn la pasta :Sistemas gerencialistas y modernización administrativa en España y América Latina. Evaluación de resultados, transparencia y responsabilidad. | ||
| 504 | _aIncluye bibliografías | ||
| 650 | 4 |
_aAdministración pública _xEvaluación _zEspaña |
|
| 650 | 4 |
_aAdministración publica _zEspaña |
|
| 651 | 4 |
_aEspaña _xPolítica y gobierno _y1975- |
|
| 942 |
_2lcc _cLIB |
||
| 999 |
_c112786 _d112786 |
||